LEADER 01352nam 2200373 n 450 001 996385734703316 005 20200824121606.0 035 $a(CKB)4940000000071530 035 $a(EEBO)2240880715 035 $a(UnM)99850699e 035 $a(UnM)99850699 035 $a(EXLCZ)994940000000071530 100 $a19920311d1608 uy | 101 0 $alat 135 $aurbn||||a|bb| 200 00$aQuinti Horatii Flacci Poemata$b[electronic resource] $escholijs siue annotationibus, quĉ breuis commentarij vice esse possint a? Ioanne Bond illustrata 205 $aSecunda editio recognita, & a multis mendis repurgata. 210 $aLondini $c[Printed by R. Field] impensis Georgij Bishop$d1608 215 $a[12], 313, [1] p 300 $aPrinter's device (McKerrow 192) on title page recto. 300 $aIncludes Suetonius' life of Horace: "Q. Horatii Flacci vita" from his "De viris illustribus". 300 $aReproduction of the original in the Cambridge University Library. 330 $aeebo-0021 700 $aHorace$075513 701 $aBond$b John$f1550-1612.$021212 701 $aSuetonius$fca. 69-ca. 122.$0452089 801 0$bCu-RivES 801 1$bCu-RivES 801 2$bCStRLIN 801 2$bWaOLN 906 $aBOOK 912 $a996385734703316 996 $aQuinti Horatii Flacci Poemata$92425596 997 $aUNISA LEADER 01836nam 2200409Ia 450 001 9910698904603321 005 20090727164549.0 035 $a(CKB)5470000002398834 035 $a(OCoLC)427912803 035 $a(EXLCZ)995470000002398834 100 $a20090727d2002 ua 0 101 0 $aeng 135 $auran||||||||| 181 $ctxt$2rdacontent 182 $cc$2rdamedia 183 $acr$2rdacarrier 200 00$aGuidance for industry$b[electronic resource] $e21 CFR, part 11, electronic records : electronic signatures, electronic copies of electronic records 210 1$aRockville, MD :$cU.S. Dept. of Health and Human Services, Food and Drug Administration, Office of Regulatory Affairs :$cCenter for Biologics Evaluation and Research :$cCenter for Drug Evaluation and Research :$cCenter for Devices and Radiological Health :$cCenter for Food Safety and Applied Nutrition :$cCenter for Veterinary Medicine,$d[2002] 215 $aiii, 12 pages $cdigital, PDF file 300 $aTitle from PDF title page (viewed on July 27, 2009). 300 $a"Draft guidance". 300 $a"August 2002". 517 $aGuidance for industry 606 $aElectronic records$xGovernment policy$zUnited States 615 0$aElectronic records$xGovernment policy 712 02$aUnited States.$bFood and Drug Administration.$bOffice of Regulatory Affairs. 712 02$aCenter for Biologics Evaluation and Research (U.S.) 712 02$aCenter for Drug Evaluation and Research (U.S.) 712 02$aCenter for Devices and Radiological Health (U.S.) 712 02$aCenter for Food Safety and Applied Nutrition (U.S.) 712 02$aCenter for Veterinary Medicine (U.S.) 801 0$bGPO 801 1$bGPO 906 $aBOOK 912 $a9910698904603321 996 $aGuidance for industry$93434577 997 $aUNINA